| 000 | 00799nam a22002297a 4500 | ||
|---|---|---|---|
| 008 | 100930s2010 nyu|||||r|||| 001 0 eng d | ||
| 020 | _a0070167087 | ||
| 020 | _a9780070167087 | ||
| 082 | 0 | 2 |
_a658.4038011 _bOBR _222 |
| 100 |
_919976 _aO'Brien, James A. |
||
| 245 |
_aIntroduction to Information Systems / _cJames O'Brien, George M. Marakas |
||
| 250 | _a15th ed. | ||
| 260 |
_aNew York : _bMcGraw-Hill Irwin, _c2010 |
||
| 300 |
_a592 p. : _bcol. ill. ; _c28 cm. |
||
| 504 | _aIncludes bibliographical references p. 547-556 and indexes | ||
| 650 |
_911345 _aManagement information systems. _2BUEsh |
||
| 650 |
_94282 _aManagement _xData processing. _2BUEsh |
||
| 650 |
_94282 _aManagement _xData processing. _2BUEsh |
||
| 651 | _2BUEsh | ||
| 700 |
_919977 _aMarakas, George M. |
||
| 942 |
_2ddc _cBB |
||
| 999 |
_c14739 _d14739 |
||